Statystyki dla 2018 FIFA Mistrzostwa Świat Quiz

Kliknij tutaj aby rozwiązać quiz!

Ogólne statystyki

  • Ten quiz został rozwiązany 243 razy
  • Średni wynik to 25 z 32

Statystyki odpowiedzi

GrupaTeam% Poprawnych
Grupa HPolska
99%
Grupa ARosja
97%
Grupa CFrancja
96%
Grupa HJaponia
95%
Grupa DArgentyna
94%
Grupa BHiszpania
93%
Grupa HKolumbia
93%
Grupa BPortugalia
93%
Grupa HSenegal
93%
Grupa FNiemcy
92%
Grupa EBrazylia
91%
Grupa GAnglia
89%
Grupa DChorwacja
87%
Grupa GBelgia
83%
Grupa AUrugwaj
83%
Grupa AArabia Saudyjska
81%
Grupa FKorea Południowa
81%
Grupa AEgipt
78%
Grupa CDania
76%
Grupa ESzwajcaria
73%
Grupa DNigeria
72%
Grupa CAustralia
71%
Grupa FMeksyk
71%
Grupa BMaroko
69%
Grupa GPanama
67%
Grupa DIslandia
66%
Grupa BIran
64%
Grupa CPeru
62%
Grupa ESerbia
58%
Grupa GTunezja
56%
Grupa EKostaryka
55%
Grupa FSzwejca
6%

Rozkład punktacji

Percentyl według liczby udzielonych odpowiedzi

Procent ludzi z każdym wynikiem

Twoja historia wyników

Nie rozwiązałeś tego quizu